Quick Pick: Mohs Scale Minerals Quiz Stats

Quiz Updated Apr 23, 2016

Challenge
Share
Tweet
Embed
Score 0/10 Timer 01:00
1 Play Today
% Correct
Diamond
91.8%
Quartz
88.7%
Talc
81.9%
Gypsum
75.2%
Calcite
72.6%
Topaz
68.8%
Fluorite
53.6%
Corundum
48.9%
Orthoclase Feldspar
47%
Apatite
46.6%

Today's Daily Dose

Word Ladder
KISS Hit

On This Day
January 22nd

You're not logged in!

Compare scores with friends on all Sporcle quizzes.
Sign Up with Email
OR
Log In

You Might Also Like...

Show Comments

Extras

Top Quizzes Today


Score Distribution

Your Account Isn't Verified!

In order to create a playlist on Sporcle, you need to verify the email address you used during registration. Go to your Sporcle Settings to finish the process.